¿Por qué no aprobamos el Pacto Fiscal? /
Guardat en:
| Autor principal: | |
|---|---|
| Format: | Text |
| Etiquetes: |
Afegir etiqueta
Sense etiquetes, Sigues el primer a etiquetar aquest registre!
|
MARC
| LEADER | 00000 a a2200000 04500 | ||
|---|---|---|---|
| 001 | 45010 | ||
| 003 | |||
| 040 | |||
| 100 | |a Cornick, Jorge | ||
| 245 | |a ¿Por qué no aprobamos el Pacto Fiscal? / |c Jorge Cornick | ||
| 500 | |a REFORMA TRIBUTARIA |a POLITICA FISCAL |a COSTA RICA | ||
| 773 | |g páginas 21-43 | ||
| 999 | |c 22035 |d 22035 | ||
